Zvyšovanie polarizácie príjmov v kontexte globálnej finančnej krízy
Kríza, ekonomický rast, polarizácia bohatstva. Percentuálny rast HDP vybraných krajín sveta. Vznik a príčiny krízy. Vývoj zadlženia a poskytovania úverov v podmienkach USA a v podmienkach Slovenska ako národnej ekonomiky. Celkový dlh USA a SR, úvery poskytnuté domácnostiam, vývoj priemernej úrokovej...
Salvato in:
| Autore principale: | |
|---|---|
| Altri autori: | |
| Natura: | Capitolo di libro |
| Lingua: | slovacco |
| Soggetti: | |
| Tags: |
Nessun Tag, puoi essere il primo ad aggiungerne!!
|
MARC
| LEADER | 00000nla a2200000 4500 | ||
|---|---|---|---|
| 001 | 0208317 | ||
| 005 | 20240502073449.8 | ||
| 041 | 0 | |a slo | |
| 044 | |a SK | ||
| 245 | 1 | 0 | |a Zvyšovanie polarizácie príjmov v kontexte globálnej finančnej krízy |c Zdenka Poláková, Valéria Dziurová |
| 520 | |a Kríza, ekonomický rast, polarizácia bohatstva. Percentuálny rast HDP vybraných krajín sveta. Vznik a príčiny krízy. Vývoj zadlženia a poskytovania úverov v podmienkach USA a v podmienkach Slovenska ako národnej ekonomiky. Celkový dlh USA a SR, úvery poskytnuté domácnostiam, vývoj priemernej úrokovej sadzby. Príjmová polarizácia v EÚ. Medián ekvivalentného ročného čistého príjmu (v EÚ 2013). Giniho koeficient na porovnanie miery nerovností v distribúcii príjmov v krajinách EÚ. | ||
| 610 | 2 | 0 | |a kríza |
| 610 | 2 | 0 | |a USA |
| 610 | 2 | 0 | |a Európska únia |
| 610 | 2 | 0 | |a Slovensko |
| 610 | 2 | 0 | |a diferenciácia mzdová |
| 610 | 2 | 0 | |a príjmy |
| 610 | 2 | 0 | |a nerovnosť |
| 100 | 1 | |a Poláková, Zdenka | |
| 700 | 1 | |a Dziurová, Valéria, 1986- | |